Datum a čas kvízu
26.5
Celkem bodů
Celkový počet nahraných bodů na tomto kvízu bez doplňovacích otázek.
12.
Pořadí na kvízu
Konečné umístění týmu na tomto kvízu.
Zaznamenané odpovědi
| # | Otázka | Odpověď | Body | Výsledky |
|---|---|---|---|---|
| 1. | Jistý zlomyslný muž odstranil... | v Brně | 1 | |
| 2. | Jihokorejská vláda nasadila na... | na hledání štěnic | 0 | |
| 3. | Animovaný seriál Bob a Bobek –... | Hádkovi | 1 | |
| 4. | Ve čtvrtek byla zahájena naše... | České Budějovice, 50. ročník | 0 | |
| 5. | Minulý týden došlo ke zveřejně... | Jannik Sinner | 1 | |
| 6. | Historie Texasu je těsně spoje... | San Antonio | 0 | |
| 7. | Hranici mezi Texasem a Mexikem... | Colorado | 0 | |
| 8. | Jedním z důvodů navštívit Hous... | Saturn V | 0 | |
| 9. | Jak se jmenuje severní soused... | Oklahoma | 0 | |
| 10. | Mezi několik známých osobností... | Eva Longoria, Zoufalé manželky | 1 |